header

Art and obscenity (Record no. 236636)

MARC details
000 -LEADER
fixed length control field 01241nam a2200349Ia 4500
100 1# - MAIN ENTRY--AUTHOR NAME
Personal name Mey, Kerstin.
245 10 - TITLE STATEMENT
Title Art and obscenity
260 ## - PUBLICATION, DISTRIBUTION, ETC. (IMPRINT)
Place of publication London ;
-- New York, NY :
Name of publisher I.B. Taurus,
Year of publication 2007.
300 ## - PHYSICAL DESCRIPTION
Number of Pages x, 182 p. :
Other physical details ill.
490 1# - SERIES STATEMENT
Series statement Art and
650 #0 - SUBJECT ADDED ENTRY--TOPICAL TERM
Topical Term Obscenity (Law)
Topical Term Art
Topical Term Erotic art
856 40 - ELECTRONIC LOCATION AND ACCESS
Uniform Resource Identifier http://site.ebrary.com/lib/rucke/Doc?id=10178014

No items available.

© 2026 Rongo University
Contact us: librarian | system librarian | Rongo university